000 00311nam a22001337a 4500
003 SGT
082 _a617.69
_bR25S
100 _aSharma, Divya
245 _aRole of titled implants in full arch rehabilitation
260 _bSGT University
_c2025
300 _a109
650 _aProsthodontics
942 _2ddc
_cTH
999 _c31364
_d31364